000 00620cam a2200193ua 4500
001 9918
008 161012n ii |||gr||||Z||||||eng
020 _a9788192994444
040 _cMAIN
041 _aeng
082 _a371.26
100 _aMahanta, Anita,
_eEditor.
245 _aExamination reforms and evaluation in semester system at undergraduate level
_cEd. by Anita Mahanta & Kunja Mukul Gogoi
260 _aNaharkatia:
_bDepartment of education, Naharkatiya College,
_c2016.
300 _a225p.
653 _aSchools & their activities special education
700 _aGogoi, Kunja Mukul,
_eEditor.
942 _cBK
999 _c8925
_d8925